Vliv vybraných faktorů na vývoj spotřebitelských úvěrů v ČR

Overenie hypotézy, či rastúce zadĺženie domácností spotrebnými úvermi je viac ovplyvnené zmenou úrokových sadzieb alebo zmenou reálnych miezd pri naznačení vplyvu ostatných faktorov, ktoré ovplyvňujú zadĺženie domácností v Českej republike.

Saved in:
Bibliographic Details
Main Author: Poměnková, Jitka
Other Authors: Šponerová, Jana
Format: Book Chapter
Language:Czech
Subjects:
Tags: Add Tag
No Tags, Be the first to tag this record!

MARC

LEADER 00000naa$a2200000$$$4500
001 0089717
005 20220715094016.8
041 0 |a cze 
044 |a SK 
245 1 0 |a Vliv vybraných faktorů na vývoj spotřebitelských úvěrů v ČR  |c Jitka Poměnková, Jana Šponerová 
520 |a Overenie hypotézy, či rastúce zadĺženie domácností spotrebnými úvermi je viac ovplyvnené zmenou úrokových sadzieb alebo zmenou reálnych miezd pri naznačení vplyvu ostatných faktorov, ktoré ovplyvňujú zadĺženie domácností v Českej republike. 
610 2 0 |a úver bankový 
610 2 0 |a úver spotrebiteľský 
610 2 0 |a mzdy reálne 
610 2 0 |a zadlženosť 
610 2 0 |a domácnosti 
610 2 0 |a hypotézy 
610 2 0 |a hypotézy štatistické 
610 2 0 |a testovanie hypotéz 
610 2 0 |a analýza korelačná 
610 2 0 |a analýza regresná 
610 2 0 |a metódy štatistické 
610 2 0 |a štatistika 
100 1 |a Poměnková, Jitka 
700 1 |a Šponerová, Jana